| 000 | 00919nam a2200241 a 4500 | ||
|---|---|---|---|
| 001 | 000017639 | ||
| 003 | DO-SdBNP | ||
| 005 | 20260416133523.0 | ||
| 008 | 100329s1978 dr 000 0spa d | ||
| 040 |
_aDO-SdBNP _bspa _cBNPHU |
||
| 082 | 4 |
_a923.5 _bA473t _222 |
|
| 245 | 0 | 0 |
_aTrayectoria : _bartículos y cartas del licenciado Arturo Napoleón Álvarez / _crecopilados por Cipriano Álvarez y Víctor R. Brito. |
| 260 |
_aSanto Domingo : _bServicios Gráficos Diversos, _c1978. |
||
| 300 |
_a95 p. ; _c23 cm. |
||
| 590 | _aInventariado, 2020/ YL | ||
| 600 | 1 | 0 |
_aÁlvarez, Arturo Napoleón, _d1903-1976 _938450 _vCorrespondencias, memorias, etc. |
| 650 | 0 |
_aAbogados _vCorrespondencias, memorias, etc. _94962 |
|
| 650 | 0 |
_aPráctica del derecho _938452 |
|
| 700 | 1 |
_aÁlvarez, Cipriano, _ecomp. _927792 |
|
| 700 | 1 |
_aBrito, Víctor R., _ecomp. _938453 |
|
| 910 | _aValidado. Control de calidad EMS | ||
| 942 |
_2ddc _cLF1 |
||
| 999 |
_c17164 _d17164 |
||